| 000 | 00908nam a2200217 a 4500 | ||
|---|---|---|---|
| 001 | BRCA_1123 | ||
| 005 | 20190320203305.0 | ||
| 008 | 950424s1994 au-a---##b---s000-0#ger-# | ||
| 040 |
_aDLC _cDLC |
||
| 050 | 4 |
_aBX2323 _b.S74 1994 |
|
| 245 | 1 | 0 |
_aWallfahrt _bWege zur Kraft _cWilhelm Hengstler, Karl Stocker ; unter Mitarbeit von Joachim Hainzl und Angelike Thon. |
| 260 |
_aGraz, Austria _bKulturabteilung des Amtes der Steiermñkischen Landesregierung _c1994 |
||
| 300 |
_a372 p. _bil. (algunas a color) _c22 cm. |
||
| 500 | _aCatálogo de la exposición realizada en Steiermñkische Landesausstellung (Stift Pöllau), 30 abril - 30 octubre, 1998 | ||
| 504 | _aBibliografía : p. 269-291 | ||
| 650 | 1 | 4 |
_aPeregrinaciones cristianas _vExposiciones _93700 |
| 700 | 1 |
_aHengstler, Wilhelm _d1944- _93701 |
|
| 700 | 1 |
_aStocker, Karl _d1956- _93702 |
|
| 700 | 1 |
_aJoachim Hainz, Mitarbeit Von _93703 |
|
| 942 |
_2lcc _cB |
||
| 999 |
_c1001 _d1001 |
||